Les Polítiques locals de cultura dels municipis de la província de Barcelona / [coordinació del treball: Margarida Julià] Margarida Julià]
Descripción Física:
35 p. : gràf. ; 29 cm
Otros Autores:
Julià, Margarida
MARC
| LEADER | 00000nam a2200000Ia 4500 | ||
|---|---|---|---|
| 001 | 23297 | ||
| 008 | 160829s2011 xx 000 0 cat d | ||
| 080 | |a FU-60-6 | ||
| 245 | |a Les Polítiques locals de cultura dels municipis de la província de Barcelona / [coordinació del treball: |b Margarida Julià] | ||
| 260 | |a Barcelona : |b Diputació de Barcelona. Àrea de Cultura, |c 2011 | ||
| 300 | |a 35 p. : |b gràf. ; |c 29 cm | ||
| 651 | 0 | |a Barcelona (Catalunya : Província) |x Política cultural |9 53523 | |
| 700 | 1 | |a Julià, Margarida |9 48651 |e coordinadora | |
| 710 | 1 | |9 53536 |a Barcelona (Catalunya : Província). |b Àrea de Cultura |e entitat editora | |
| 901 | |a Arxiu | ||
| 942 | |n 1 |2 udc | ||
| 952 | |0 0 |1 0 |4 0 |6 FU606 |7 1 |9 54729 |a Arxiu |b Arxiu |d 2011-10-31 |l 0 |o FU-60-6 |p 23297 |r 2016-12-01 00:00:00 |w 2016-12-01 |y ARXIU | ||
| 999 | |c 58598 |d 58598 | ||